| 000 | 00673nam a2200241Ia 4500 | ||
|---|---|---|---|
| 005 | 20260430150513.0 | ||
| 008 | 008 250103s9999 xx 000 0 eng d | ||
| 037 | _aTheses | ||
| 040 | _aCRL | ||
| 040 | _beng | ||
| 040 | _ceng | ||
| 041 | _2eng | ||
| 041 | _aeng | ||
| 084 | _qCRL | ||
| 100 |
_aAalam Mohd Jubair Au.; Singh Surendra Gu. _91237697 |
||
| 245 | 0 | _aDevelopment of Reusable Organocatalysts for the Asymmetric Diels-Alder and Friedel-Crafts Reactions | |
| 260 | _c2023 | ||
| 300 | _a233p. | ||
| 650 | _aChemistry | ||
| 700 | _aUniversity of Delhi. Faculty of Science. Deptt.of Chemistry | ||
| 942 | _cTH | ||
| 999 |
_c1849939 _d1849939 |
||